[Event "XXI Olimpiadi Gruppo 3"]
[Site "Nizza FRA"]
[Date "1974.06.07"]
[Round "1.1"]
[White "Gligoric, Svetozar"]
[Black "Mariotti, Sergio"]
[Result "1/2-1/2"]
[WhiteElo "2585"]
[BlackElo "2465"]
[Annotator "ITA-YUG"]
[PlyCount "85"]
[EventDate "1974.06.07"]

1. d4 e6 2. c4 f5 3. Nf3 Nf6 4. g3 Be7 5. Bg2 O-O 6. O-O d5 7. b3 c6 8. Ba3
Nbd7 9. Qc2 Ne4 10. Bxe7 Qxe7 11. Nc3 Nd6 12. Na4 b6 13. cxd5 cxd5 14. Rfc1 Ba6
15. Qb2 Rfc8 16. e3 Qd8 17. Nc3 Ne4 18. Ne2 Bxe2 19. Qxe2 Rxc1+ 20. Rxc1 Rc8
21. Qb2 b5 22. a3 a5 23. Ne5 Nxe5 24. dxe5 b4 25. axb4 axb4 26. Bxe4 fxe4 27.
Rxc8 Qxc8 28. Qd4 Qc3 29. Qb6 Qxb3 30. Qxe6+ Kf8 31. Qd6+ Ke8 32. Qc6+ Kf8 33.
Qd6+ Ke8 34. Qe6+ Kf8 35. Qd6+ Ke8 36. Kg2 Qd1 37. Qe6+ Kf8 38. Qd6+ Ke8 39.
Qb8+ Kf7 40. Qc7+ Ke8 41. Qc6+ Ke7 42. Qd6+ Ke8 43. Qc6+ 1/2-1/2

[Event "XXI Olimpiadi Gruppo 3"]
[Site "Nizza FRA"]
[Date "1974.06.07"]
[Round "1.2"]
[White "Tatai, Stefano"]
[Black "Planinec, Albin"]
[Result "1/2-1/2"]
[WhiteElo "2430"]
[BlackElo "2545"]
[Annotator "ITA-YUG"]
[PlyCount "106"]
[EventDate "1974.06.07"]

1. e4 e5 2. Nf3 Nc6 3. Bb5 a6 4. Bxc6 dxc6 5. O-O Bd6 6. d4 exd4 7. Qxd4 f6 8.
Be3 Ne7 9. Nbd2 Be6 10. Rad1 O-O 11. Qc3 Qe8 12. Nc4 Rd8 13. Nxd6 cxd6 14. Nd4
Bf7 15. Nb3 Bg6 16. Rfe1 Qf7 17. Qb4 Nc8 18. Bf4 Rd7 19. Rd2 c5 20. Qc3 b6 21.
a4 Rfd8 22. f3 Ne7 23. a5 b5 24. Red1 Qe6 25. Nc1 Bf7 26. Bg3 Nc6 27. b3 b4 28.
Qd3 d5 29. Qxa6 dxe4 30. Rxd7 Rxd7 31. Qc8+ Be8 32. Rxd7 Qxd7 33. Qxd7 Bxd7 34.
fxe4 Nxa5 35. Nd3 Nb7 36. Bf2 Bc6 37. Bxc5 Bxe4 38. Bxb4 Kf7 39. Kf2 Nd8 40.
Ne1 Ne6 41. Ke3 f5 42. Bd6 Ke8 43. c4 Bb1 44. Nd3 Kd7 45. Be5 g5 46. g3 f4+ 47.
gxf4 gxf4+ 48. Kd2 f3 49. Bg3 Bxd3 50. Kxd3 Nc5+ 51. Ke3 Nxb3 52. Be1 Kd6 53.
Bb4+ Ke5 1/2-1/2

[Event "XXI Olimpiadi Gruppo 3"]
[Site "Nizza FRA"]
[Date "1974.06.07"]
[Round "1.4"]
[White "Cosulich, Roberto"]
[Black "Parma, Bruno"]
[Result "0-1"]
[WhiteElo "2430"]
[BlackElo "2510"]
[Annotator "ITA-YUG"]
[PlyCount "80"]
[EventDate "1974.06.07"]

1. e4 d6 2. d4 Nf6 3. Nd2 g6 4. Ngf3 Bg7 5. Bd3 O-O 6. O-O Nc6 7. c3 Nh5 8. Nc4
e5 9. dxe5 Nxe5 10. Nfxe5 dxe5 11. a4 Nf4 12. Bxf4 exf4 13. Re1 Be6 14. Qf3 Qg5
15. g3 Rad8 16. Bf1 Qc5 17. b3 Qg5 18. Rac1 fxg3 19. hxg3 h5 20. e5 h4 21. Qg2
hxg3 22. Qxg3 Qxg3+ 23. fxg3 Rd7 24. Rcd1 Rfd8 25. Rxd7 Rxd7 26. Kf2 Kf8 27. b4
b6 28. Ke3 Re7 29. Kf4 Bh6+ 30. Kf3 Bd5+ 31. Kf2 Bg7 32. Re3 Re6 33. b5 Re7 34.
g4 Bxc4 35. Bxc4 Bxe5 36. Rf3 Bd6 37. Bd5 Kg7 38. c4 f6 39. Rd3 Kh6 40. Kf3 Kg5
0-1

[Event "XXI Olimpiadi Gruppo 3"]
[Site "Nizza FRA"]
[Date "1974.06.12"]
[Round "6.2"]
[White "Tatai, Stefano"]
[Black "Sharif, Mehrshad"]
[Result "1-0"]
[WhiteElo "2430"]
[BlackElo "2300"]
[Annotator "ITA-IRN"]
[PlyCount "83"]
[EventDate "1974.06.07"]

1. e4 d6 2. d4 Nf6 3. Nc3 g6 4. Nf3 Bg7 5. Be2 O-O 6. O-O Bg4 7. Bg5 h6 8. Be3
Nc6 9. Qd2 Kh7 10. Rfd1 e5 11. dxe5 dxe5 12. h3 Bxf3 13. Bxf3 Qe7 14. Qe2 Nd4
15. Bxd4 exd4 16. Rxd4 Rfd8 17. Rad1 Rxd4 18. Rxd4 Nd7 19. Nd5 Qe5 20. c3 Nc5
21. Ne3 Qe7 22. Rd2 c6 23. Nc4 Re8 24. Qd1 Qg5 25. Nd6 Re7 26. g3 h5 27. h4 Qe5
28. Bg2 Ne6 29. f4 Qc5+ 30. Kh2 Bh6 31. Qf3 a5 32. e5 a4 33. a3 Qa5 34. Ne4 Nc5
35. Nf6+ Kg7 36. Qe3 Ne6 37. Bh3 Nf8 38. Qd4 Nh7 39. Qd6 Rxe5 40. fxe5 Bxd2 41.
Qxd2 Qxe5 42. Nxh7 1-0

[Event "XXI Olimpiadi Gruppo 3"]
[Site "Nizza FRA"]
[Date "1974.06.14"]
[Round "8.1"]
[White "Westerinen, Heikki M.J."]
[Black "Mariotti, Sergio"]
[Result "1-0"]
[WhiteElo "2465"]
[BlackElo "2465"]
[Annotator "ITA-FIN"]
[PlyCount "81"]
[EventDate "1974.06.07"]

1. e4 c5 2. Nf3 d6 3. d4 cxd4 4. Nxd4 Nf6 5. Nc3 a6 6. a4 g6 7. Be2 Bg7 8. O-O
O-O 9. Nb3 Nc6 10. f4 Be6 11. Bf3 Na5 12. Nxa5 Qxa5 13. Be3 Rac8 14. Nd5 Bxd5
15. exd5 Qb4 16. Ra2 Ne4 17. Qe2 f5 18. Rd1 Qc4 19. Qxc4 Rxc4 20. c3 Nc5 21. a5
Ra4 22. Rxa4 Nxa4 23. Rd2 Rc8 24. g4 Nc5 25. gxf5 gxf5 26. Rg2 Kh8 27. Bd1 Ne4
28. Bc2 Rc4 29. Bb3 Rc8 30. Kf1 Rf8 31. Bc2 Rc8 32. Bd3 Bf6 33. Ke2 Re8 34. Kf3
e6 35. dxe6 d5 36. Bc2 Rxe6 37. Bb3 Rd6 38. Rg1 Bd8 39. Bd4+ Bf6 40. Bb6 Bd8
41. Bd4+ 1-0

[Event "XXI Olimpiadi Gruppo 3"]
[Site "Nizza FRA"]
[Date "1974.06.14"]
[Round "8.3"]
[White "Rantanen, Yrjo A."]
[Black "Toth, Bela"]
[Result "1-0"]
[WhiteElo "2410"]
[BlackElo "2385"]
[Annotator "ITA-FIN"]
[PlyCount "81"]
[EventDate "1974.06.07"]

1. e4 e5 2. Nf3 Nf6 3. Nxe5 d6 4. Nf3 Nxe4 5. c4 d5 6. Nc3 Bc5 7. d4 Bb4 8. Qc2
Be6 9. a3 Bxc3+ 10. bxc3 Nf6 11. Ng5 Bg4 12. f3 Bh5 13. cxd5 O-O 14. Bd3 Re8+
15. Ne4 Nxd5 16. O-O Bg6 17. c4 Nb4 18. axb4 Qxd4+ 19. Kh1 Qxa1 20. Bb2 Qa6 21.
Qc3 f6 22. c5 b5 23. Ra1 Qe6 24. Bxb5 Bxe4 25. fxe4 Kf8 26. Bxe8 Qxe8 27. e5
Qxe5 28. Qc2 Qe8 29. Qxh7 Nc6 30. b5 Ne7 31. c6 Ng6 32. Rd1 Qe2 33. Ba3+ Kf7
34. Rd7+ Ke6 35. Qh3+ f5 36. Qb3+ Kf6 37. Bb2+ Kg5 38. Qg3+ Qg4 39. Qe3+ f4 40.
Qc5+ Kh4 41. Qf2+ 1-0

[Event "XXI Olimpiadi Gruppo 3"]
[Site "Nizza FRA"]
[Date "1974.06.15"]
[Round "9.1"]
[White "Mariotti, Sergio"]
[Black "Garcia Gonzales, Guillermo"]
[Result "1-0"]
[WhiteElo "2465"]
[BlackElo "2450"]
[Annotator "ITA-CUB"]
[PlyCount "85"]
[EventDate "1974.06.07"]

1. d4 Nf6 2. c4 e6 3. Nc3 Bb4 4. Qb3 c5 5. dxc5 Na6 6. a3 Bxc3+ 7. Qxc3 Nxc5 8.
b4 Nce4 9. Qd4 d5 10. c5 b6 11. f3 bxc5 12. bxc5 Qa5+ 13. Qb4 Qxb4+ 14. axb4
Nc3 15. Bd2 Nb5 16. e3 Bd7 17. Ra5 a6 18. Ne2 Ke7 19. Nd4 Rhb8 20. Bd3 g6 21.
Kf2 e5 22. Nxb5 Bxb5 23. Bxb5 axb5 24. Rha1 Rxa5 25. Rxa5 Rb7 26. Ke2 Ne8 27.
Bc3 f6 28. f4 exf4 29. exf4 Nc7 30. h3 d4 31. Bxd4 Nd5 32. c6 Rc7 33. Kf3 Rxc6
34. Rxb5 Kd6 35. Bc5+ Ke6 36. Ra5 f5 37. g3 Nc7 38. Ra3 Nd5 39. Ra7 Nc7 40. Ke3
Kd5 41. Kd3 Ke6 42. Kc4 Nd5 43. Rxh7 1-0

[Event "XXI Olimpiadi Gruppo 3"]
[Site "Nizza FRA"]
[Date "1974.06.15"]
[Round "9.2"]
[White "Garcia Martinez, Silvino"]
[Black "Tatai, Stefano"]
[Result "0-1"]
[WhiteElo "2400"]
[BlackElo "2430"]
[Annotator "ITA-CUB"]
[PlyCount "116"]
[EventDate "1974.06.07"]

1. c4 g6 2. Nc3 Bg7 3. d4 c5 4. d5 Nf6 5. e4 d6 6. Bd3 O-O 7. h3 Na6 8. Nf3 Nc7
9. O-O Rb8 10. a4 e5 11. dxe6 Nxe6 12. Be3 a6 13. a5 Re8 14. Qd2 Bd7 15. Rfd1
Bc6 16. Nd5 Nc7 17. Qc2 Ncxd5 18. exd5 Bd7 19. Ra2 b5 20. axb6 Rxb6 21. Bd2 Qb8
22. Rb1 Bc8 23. Ba5 Rb7 24. b4 Nd7 25. Qa4 Bc3 26. Ng5 Bxb4 27. Rab2 Re7 28.
Bxb4 cxb4 29. Rxb4 Nc5 30. Rxb7 Bxb7 31. Qc2 Qe8 32. Nf3 Bc8 33. Rb6 Qd8 34.
Rb1 Qe8 35. Bf1 Bf5 36. Qb2 Bxb1 37. Qxb1 Rb7 38. Qa1 Qa4 39. Qf6 Qd7 40. Nh2
Qe7 41. Qf3 Qe4 42. Qf6 Qe7 43. Qf3 Qe4 44. Qf6 Qe7 45. Qf4 Rb1 46. Nf3 Qe2 47.
Nh2 Ne4 48. Qf3 Qxf3 49. gxf3 Nc5 50. Ng4 Kg7 51. Ne3 a5 52. Kg2 a4 53. Nc2 Rc1
54. Na3 Rc3 55. Nb5 Rb3 56. Be2 a3 57. Nxa3 Rxa3 58. Bf1 Kf6 0-1

[Event "XXI Olimpiadi Gruppo 3"]
[Site "Nizza FRA"]
[Date "1974.06.15"]
[Round "9.3"]
[White "Cosulich, Roberto"]
[Black "Rodriguez Cordoba, Jesus R."]
[Result "1-0"]
[WhiteElo "2430"]
[BlackElo "2390"]
[Annotator "ITA-CUB"]
[PlyCount "65"]
[EventDate "1974.06.07"]

1. e4 c5 2. Nf3 d6 3. d4 cxd4 4. Nxd4 Nf6 5. Nc3 g6 6. Be3 Bg7 7. h3 O-O 8. Bc4
Nc6 9. Bb3 Bd7 10. O-O Rc8 11. Re1 Qa5 12. Qe2 Rfe8 13. Rad1 Nxd4 14. Bxd4 Bc6
15. Nd5 Bxd5 16. exd5 Nd7 17. Bxg7 Kxg7 18. c3 Nf6 19. Rd4 a6 20. Qd2 Qc7 21.
Rh4 Ng8 22. Kh2 h6 23. Bc2 Qc5 24. Re3 e5 25. dxe6 Rxe6 26. Rxe6 fxe6 27. Rd4
d5 28. Kg1 Rf8 29. Qe3 Qd6 30. Rb4 b5 31. a4 bxa4 32. Rb6 Qf4 33. Rb7+ 1-0

[Event "XXI Olimpiadi Gruppo 3"]
[Site "Nizza FRA"]
[Date "1974.06.15"]
[Round "9.4"]
[White "Jimenez Zerquera, Eleazar"]
[Black "Cappello, Renato"]
[Result "1-0"]
[WhiteElo "2340"]
[BlackElo "2310"]
[Annotator "ITA-CUB"]
[PlyCount "75"]
[EventDate "1974.06.07"]

1. d4 Nf6 2. c4 g6 3. Nc3 Bg7 4. e4 d6 5. f3 e5 6. Nge2 Nfd7 7. Be3 Bh6 8. Qd2
Bxe3 9. Qxe3 c6 10. O-O-O Qe7 11. g4 a5 12. Ng3 Nf8 13. d5 c5 14. h4 Na6 15.
Be2 Bd7 16. Rdf1 O-O-O 17. f4 exf4 18. Qxf4 Be8 19. g5 Kb8 20. Bg4 Bd7 21. Be2
Be8 22. Qf6 Qxf6 23. Rxf6 Nc7 24. h5 gxh5 25. Nf5 Rg8 26. Nxd6 Rxg5 27. Nxf7
Bxf7 28. Rxf7 Ng6 29. Rxh5 Rxh5 30. Bxh5 Ne5 31. Rxh7 Nxc4 32. Be2 Ne5 33. Rh5
Re8 34. d6 c4 35. dxc7+ Kxc7 36. Kd2 Kc6 37. Ke3 b5 38. Kd4 1-0

[Event "XXI Olimpiadi Finale B"]
[Site "Nizza FRA"]
[Date "1974.06.16"]
[Round "2.1"]
[White "Tatai, Stefano"]
[Black "Castro Rojas, Oscar Humberto"]
[Result "1-0"]
[WhiteElo "2430"]
[BlackElo "2330"]
[Annotator "ITA-COL"]
[PlyCount "83"]
[EventDate "1974.06.16"]

1. e4 e5 2. Nf3 Nc6 3. Bb5 a6 4. Bxc6 dxc6 5. O-O f6 6. d4 Bg4 7. c3 exd4 8.
cxd4 c5 9. d5 Bd6 10. h3 Bh5 11. Be3 Ne7 12. Nbd2 Qd7 13. Qc2 b6 14. Rfe1 O-O
15. a4 a5 16. Kh1 Rae8 17. g4 Bxg4 18. hxg4 Qxg4 19. Nh2 Bxh2 20. Kxh2 Nxd5 21.
Qd1 Nxe3 22. Rxe3 Qf4+ 23. Kg2 f5 24. Qe2 Qg5+ 25. Rg3 Qf6 26. Rh1 f4 27. Qc4+
Kh8 28. Rgh3 h6 29. Qc3 Qxc3 30. Rxc3 Rd8 31. Nf3 Rf6 32. e5 Rf7 33. Rh4 Rf5
34. Rc4 Rdf8 35. Re4 Kh7 36. Rh1 Rd8 37. e6 Rfd5 38. Rxf4 Re8 39. Re4 Rd6 40.
Rhe1 Kg6 41. Nh4+ Kf6 42. Rf4+ 1-0

[Event "XXI Olimpiadi Finale B"]
[Site "Nizza FRA"]
[Date "1974.06.16"]
[Round "2.2"]
[White "Cuartas, Carlos Enrique"]
[Black "Cosulich, Roberto"]
[Result "1/2-1/2"]
[WhiteElo "2395"]
[BlackElo "2430"]
[Annotator "ITA-COL"]
[PlyCount "26"]
[EventDate "1974.06.16"]

1. b3 e5 2. Bb2 d6 3. c4 g6 4. d4 Bg7 5. dxe5 Nd7 6. Nf3 Nxe5 7. Nxe5 Bxe5 8.
Bxe5 dxe5 9. Qxd8+ Kxd8 10. Nc3 c6 11. O-O-O+ Ke7 12. e3 Nf6 13. Be2 Be6
1/2-1/2

[Event "XXI Olimpiadi Finale B"]
[Site "Nizza FRA"]
[Date "1974.06.17"]
[Round "3.1"]
[White "Schmidt, Wlodzimierz"]
[Black "Mariotti, Sergio"]
[Result "0-1"]
[WhiteElo "2500"]
[BlackElo "2465"]
[Annotator "ITA-POL"]
[PlyCount "66"]
[EventDate "1974.06.16"]

1. Nf3 e6 2. g3 f5 3. Bg2 Nf6 4. O-O Be7 5. c4 O-O 6. d4 d5 7. Qc2 c6 8. Ne5
Nbd7 9. Nd3 Bd6 10. Nd2 a5 11. Nf3 Qe7 12. Bf4 Ne4 13. Bxd6 Nxd6 14. b3 Nf7 15.
Rad1 b6 16. Qd2 Ba6 17. Rc1 Rac8 18. c5 Bxd3 19. exd3 bxc5 20. dxc5 e5 21. Rfe1
Qd8 22. Re2 g6 23. h4 Rb8 24. Bh3 Rb4 25. Ng5 Nxg5 26. hxg5 e4 27. dxe4 Ne5 28.
Qc3 d4 29. Qa1 Nf3+ 30. Kg2 Nxg5 31. Rd1 Nxh3 32. a3 f4 33. Kxh3 Qg5 0-1

[Event "XXI Olimpiadi Finale B"]
[Site "Nizza FRA"]
[Date "1974.06.17"]
[Round "3.2"]
[White "Tatai, Stefano"]
[Black "Doda, Zbigniew"]
[Result "1-0"]
[WhiteElo "2430"]
[BlackElo "2410"]
[Annotator "ITA-POL"]
[PlyCount "71"]
[EventDate "1974.06.16"]

1. e4 c5 2. Nf3 e6 3. d4 cxd4 4. Nxd4 Nc6 5. Nb5 d6 6. Bf4 e5 7. Be3 a6 8. N5c3
Nf6 9. Bc4 Be7 10. Nd5 Nxd5 11. Bxd5 O-O 12. O-O Bg5 13. Re1 Bxe3 14. Rxe3 Be6
15. Na3 Qc7 16. c3 Rad8 17. Bb3 b5 18. Nc2 Qb7 19. Rd3 Qb8 20. Ne3 Ne7 21. Qd2
Rd7 22. Rd1 Rfd8 23. Bd5 Bxd5 24. Nxd5 Nxd5 25. Rxd5 Qc7 26. Qd3 Qc6 27. h4 Kf8
28. Rd2 h6 29. Kh2 Ke7 30. a3 Qc4 31. Qf3 g6 32. h5 Rg8 33. R2d3 gxh5 34. Qf5
Rdd8 35. Rf3 Rdf8 36. Qf6+ 1-0

[Event "XXI Olimpiadi Finale B"]
[Site "Nizza FRA"]
[Date "1974.06.17"]
[Round "3.4"]
[White "Cosulich, Roberto"]
[Black "Pokojowczyk, Jerzy"]
[Result "1-0"]
[WhiteElo "2430"]
[BlackElo "2310"]
[Annotator "ITA-POL"]
[PlyCount "59"]
[EventDate "1974.06.16"]

1. e4 e6 2. d3 d5 3. Nd2 Nf6 4. Ngf3 b6 5. g3 Bb7 6. e5 Nfd7 7. Bg2 Nc6 8. Qe2
Nb4 9. Nb3 c5 10. O-O Be7 11. h4 Qc7 12. Re1 a5 13. a3 Nc6 14. Bf4 b5 15. Nbd2
O-O 16. Nf1 Rfc8 17. c3 b4 18. Ne3 Nf8 19. Ng4 Ba6 20. Nf6+ gxf6 21. exf6 Qd8
22. fxe7 Qxe7 23. c4 Qf6 24. Ne5 Nd4 25. Qd1 Bb7 26. Ng4 Qe7 27. Bg5 Qd6 28.
Bf6 Nd7 29. Nh6+ Kf8 30. Qh5 1-0

[Event "XXI Olimpiadi Finale B"]
[Site "Nizza FRA"]
[Date "1974.06.18"]
[Round "4.1"]
[White "Mariotti, Sergio"]
[Black "Andersen, Borge"]
[Result "1/2-1/2"]
[WhiteElo "2465"]
[BlackElo "2390"]
[Annotator "ITA-DEN"]
[PlyCount "81"]
[EventDate "1974.06.16"]

1. d4 Nf6 2. c4 e6 3. Nc3 Bb4 4. Qb3 c5 5. dxc5 Nc6 6. Nf3 O-O 7. a3 Bxc5 8.
Bg5 Be7 9. e3 b6 10. Be2 Bb7 11. Qa2 Rc8 12. O-O Qc7 13. Bf4 d6 14. Rac1 Qb8
15. h3 Ne5 16. Nxe5 dxe5 17. Bg3 Qa8 18. f3 e4 19. f4 Bc5 20. Bf2 a5 21. Na4
Nd7 22. Qb3 Qa7 23. Kh2 Bc6 24. Rfd1 Be7 25. g4 Nc5 26. Nxc5 bxc5 27. g5 Rb8
28. Qc3 a4 29. Qe5 Rb3 30. Be1 Qb8 31. Qxb8 Rfxb8 32. Bc3 f6 33. h4 Kf7 34. Rd2
R3b6 35. Rcd1 R8b7 36. Rg1 Rd7 37. Rxd7 Bxd7 38. Rd1 Bc6 39. Kg3 Rb7 40. Bh5+
Kf8 41. Rd2 1/2-1/2

[Event "XXI Olimpiadi Finale B"]
[Site "Nizza FRA"]
[Date "1974.06.18"]
[Round "4.3"]
[White "Zichichi, Alvise"]
[Black "Moe, Mogens"]
[Result "0-1"]
[WhiteElo "2355"]
[BlackElo "2375"]
[Annotator "ITA-DEN"]
[PlyCount "82"]
[EventDate "1974.06.16"]

1. Nf3 Nf6 2. b3 g6 3. Bb2 Bg7 4. c4 O-O 5. g3 d6 6. Bg2 e5 7. O-O Nc6 8. d3
Nh5 9. Nc3 f5 10. Qd2 f4 11. Ne4 Bf5 12. e3 Qd7 13. Rae1 Bh3 14. exf4 Bxg2 15.
Kxg2 Rxf4 16. Ng1 Rf7 17. b4 Raf8 18. b5 Ne7 19. Kh1 Nf6 20. f3 Nf5 21. Qd1 Bh6
22. f4 Ne8 23. Bc1 exf4 24. Bxf4 Bxf4 25. Rxf4 Nd4 26. Rff1 Ng7 27. Qa1 Nge6
28. Kg2 d5 29. Nc5 Nxc5 30. Qxd4 Rxf1 31. Rxf1 Rxf1 32. Kxf1 Qf5+ 33. Kg2 Nxd3
34. Nf3 Qe4 35. Qf6 Ne1+ 36. Kf2 Qxf3+ 37. Qxf3 Nxf3 38. Kxf3 dxc4 39. Ke4 Kf7
40. Kd4 Ke6 41. Kxc4 Kd6 0-1

[Event "XXI Olimpiadi Finale B"]
[Site "Nizza FRA"]
[Date "1974.06.19"]
[Round "5.1"]
[White "Hug, Werner"]
[Black "Mariotti, Sergio"]
[Result "0-1"]
[WhiteElo "2425"]
[BlackElo "2465"]
[Annotator "ITA-SUI"]
[PlyCount "68"]
[EventDate "1974.06.16"]

1. e4 Nc6 2. Nf3 e5 3. Bb5 Bc5 4. O-O Qf6 5. d3 h6 6. Be3 Bb6 7. Nc3 Nge7 8.
Bxb6 axb6 9. Bxc6 dxc6 10. d4 Ng6 11. Nxe5 Nxe5 12. dxe5 Qxe5 13. Qd2 Be6 14.
Rad1 O-O 15. a3 f5 16. Rfe1 f4 17. f3 Rf6 18. Qd4 Qg5 19. Re2 Rg6 20. Qf2 Ra5
21. Kh1 Qh5 22. Rd8+ Kh7 23. Rf8 Rag5 24. Rxf4 Rxg2 25. Qxg2 Rxg2 26. Rxg2 Qc5
27. Re2 Qg5 28. Rf8 Qc1+ 29. Kg2 Bc4 30. Kf2 Qxb2 31. Re3 Qxc2+ 32. Ke1 Qxh2
33. Rb8 h5 34. e5 Qh4+ 0-1

[Event "XXI Olimpiadi Finale B"]
[Site "Nizza FRA"]
[Date "1974.06.19"]
[Round "5.2"]
[White "Tatai, Stefano"]
[Black "Lombard, Andre"]
[Result "1/2-1/2"]
[WhiteElo "2430"]
[BlackElo "2410"]
[Annotator "ITA-SUI"]
[PlyCount "64"]
[EventDate "1974.06.16"]

1. d4 Nf6 2. c4 e6 3. Nf3 b6 4. g3 Ba6 5. b3 Bb4+ 6. Bd2 Be7 7. Bg2 c6 8. Nc3
d5 9. cxd5 cxd5 10. Rc1 Nc6 11. a3 O-O 12. O-O Rc8 13. Nb1 h6 14. Bc3 Bd6 15.
Ne5 Bxe5 16. dxe5 Ng4 17. b4 Ngxe5 18. a4 d4 19. b5 dxc3 20. bxa6 Qe7 21. e3
Nb4 22. Rxc3 Nxa6 23. Qd4 Rc5 24. Rd1 Nb8 25. Rxc5 Qxc5 26. Qxc5 bxc5 27. Na3
g5 28. f4 Ng4 29. Rd3 Kg7 30. Rc3 Nd7 31. Nb5 a5 32. Nd6 Rb8 1/2-1/2

[Event "XXI Olimpiadi Finale B"]
[Site "Nizza FRA"]
[Date "1974.06.19"]
[Round "5.3"]
[White "Schaufelberger, Heinz"]
[Black "Toth, Bela"]
[Result "1-0"]
[WhiteElo "2345"]
[BlackElo "2385"]
[Annotator "ITA-SUI"]
[PlyCount "145"]
[EventDate "1974.06.16"]

1. e4 e5 2. Nf3 Nf6 3. Nxe5 d6 4. Nf3 Nxe4 5. Qe2 Qe7 6. d3 Nf6 7. Bg5 Nbd7 8.
Nc3 h6 9. Qxe7+ Bxe7 10. Bd2 c6 11. Be2 Nb6 12. a4 a5 13. Nd1 Nbd5 14. O-O O-O
15. Nd4 Bd8 16. Ne3 Nxe3 17. Bxe3 Nd5 18. Bd2 Bf6 19. c3 Bxd4 20. cxd4 Bf5 21.
Bf3 Bxd3 22. Rfe1 Nb4 23. Re7 Ba6 24. Bf4 Rad8 25. b3 Rfe8 26. Rae1 Rxe7 27.
Rxe7 Kf8 28. Rc7 Nc2 29. d5 c5 30. Bh5 Nd4 31. Rxf7+ Kg8 32. Re7 Nxb3 33. Bg6
Nd4 34. Bxd6 Nf5 35. Bf7+ Kh7 36. Bc7 Rxd5 37. Bxd5 Nxe7 38. Be4+ g6 39. Bd6
Nc8 40. Bxc5 b6 41. Bf8 Bc4 42. g4 Be6 43. h3 Bd7 44. Bc2 b5 45. axb5 Bxb5 46.
Bc5 Bd7 47. Kg2 Kg7 48. Kf3 a4 49. Ke4 h5 50. Kf4 hxg4 51. hxg4 Kf7 52. Kg5 Ne7
53. Ba3 Be8 54. Bb2 Ke6 55. Bb1 Nd5 56. Bxg6 Bxg6 57. Kxg6 Nf4+ 58. Kh6 Nh3 59.
g5 Kf7 60. Be5 Kg8 61. f4 Nf2 62. Bd6 Ng4+ 63. Kg6 Ne3 64. f5 Nc4 65. Bb4 a3
66. f6 Ne5+ 67. Kf5 a2 68. Bc3 Nc6 69. g6 Nd8 70. Ke5 Kf8 71. Ba1 Ke8 72. Kd6
Nb7+ 73. Kd5 1-0

[Event "XXI Olimpiadi Finale B"]
[Site "Nizza FRA"]
[Date "1974.06.20"]
[Round "6.1"]
[White "Tatai, Stefano"]
[Black "Sigurjonsson, Gudmundur"]
[Result "1/2-1/2"]
[WhiteElo "2430"]
[BlackElo "2480"]
[Annotator "ITA-ISL"]
[PlyCount "73"]
[EventDate "1974.06.16"]

1. e4 c5 2. Nf3 d6 3. d4 cxd4 4. Nxd4 Nf6 5. Nc3 a6 6. Bg5 e6 7. f4 Be7 8. Qf3
Qc7 9. O-O-O Nbd7 10. g4 b5 11. Bxf6 Nxf6 12. g5 Nd7 13. f5 Nc5 14. f6 gxf6 15.
gxf6 Bf8 16. Qe3 Bd7 17. Bh3 O-O-O 18. a3 Qb6 19. Kb1 Rg8 20. Rhg1 Rg6 21. Rxg6
hxg6 22. Bg4 Kb8 23. Nf3 Be8 24. h4 Nd7 25. Qf4 Qf2 26. h5 gxh5 27. Bxh5 Rc8
28. Rd2 Qc5 29. Bg4 Ne5 30. Nxe5 dxe5 31. Qh2 Kb7 32. Nd1 Bd6 33. Rd3 Bc7 34.
Rc3 Qd4 35. Rd3 Qc5 36. Rc3 Qd4 37. Rd3 1/2-1/2

[Event "XXI Olimpiadi Finale B"]
[Site "Nizza FRA"]
[Date "1974.06.20"]
[Round "6.2"]
[White "Johannsson, Ingi Randver"]
[Black "Toth, Bela"]
[Result "1-0"]
[WhiteElo "2400"]
[BlackElo "2385"]
[Annotator "ITA-ISL"]
[PlyCount "75"]
[EventDate "1974.06.16"]

1. Nf3 d6 2. c4 g6 3. Nc3 Bg7 4. d4 Nf6 5. g3 O-O 6. Bg2 Nc6 7. O-O a6 8. h3
Rb8 9. Be3 b5 10. b3 Bd7 11. Rc1 Na5 12. Nd2 c6 13. cxb5 axb5 14. Nde4 Ne8 15.
f4 b4 16. Na4 Nc7 17. Bf2 Bc8 18. Re1 Ba6 19. Nd2 Bb5 20. e4 e5 21. fxe5 dxe5
22. Nf3 Bxa4 23. bxa4 b3 24. axb3 Nxb3 25. Rxc6 Nxd4 26. Nxd4 exd4 27. a5 Ne6
28. Qa4 Be5 29. Bf1 Qg5 30. Qa3 Rfd8 31. Qf3 Rb2 32. h4 Qd2 33. Bc4 Qxa5 34.
Rf1 Qa7 35. h5 Qd7 36. hxg6 hxg6 37. Bd5 Ng5 38. Rxg6+ 1-0

[Event "XXI Olimpiadi Finale B"]
[Site "Nizza FRA"]
[Date "1974.06.20"]
[Round "6.3"]
[White "Cosulich, Roberto"]
[Black "Kristinsson, Jon"]
[Result "1-0"]
[WhiteElo "2430"]
[BlackElo "2355"]
[Annotator "ITA-ISL"]
[PlyCount "73"]
[EventDate "1974.06.16"]

1. e4 c5 2. Nf3 d6 3. d4 cxd4 4. Nxd4 Nf6 5. Nc3 g6 6. Be3 Bg7 7. h3 Nc6 8. Bc4
Bd7 9. O-O O-O 10. Bb3 Rc8 11. Re1 Na5 12. Qd3 a6 13. Rad1 Nxb3 14. axb3 Qa5
15. Nf3 Qh5 16. Bg5 Bc6 17. Nd5 Bxd5 18. exd5 h6 19. Bxf6 Bxf6 20. c3 Kg7 21.
Re4 Qf5 22. Qe3 Rc7 23. g4 Qd7 24. h4 Kh7 25. Kg2 Be5 26. Nxe5 dxe5 27. Qf3 f6
28. Rd3 Kg7 29. h5 Rd8 30. hxg6 Qe8 31. Qe2 Rdd7 32. f4 Qxg6 33. fxe5 Qg5 34.
d6 exd6 35. exd6 Rc5 36. Re7+ Rxe7 37. dxe7 1-0

[Event "XXI Olimpiadi Finale B"]
[Site "Nizza FRA"]
[Date "1974.06.21"]
[Round "7.4"]
[White "Cappello, Renato"]
[Black "Radashkovich, Itchak"]
[Result "0-1"]
[WhiteElo "2310"]
[BlackElo "2425"]
[Annotator "ITA-ISR"]
[PlyCount "94"]
[EventDate "1974.06.16"]

1. e4 e5 2. Nf3 Nc6 3. Bb5 a6 4. Ba4 Nf6 5. O-O Nxe4 6. d4 b5 7. Bb3 d5 8. dxe5
Be6 9. Qe2 Nc5 10. Rd1 Nxb3 11. axb3 Be7 12. c4 Nb4 13. cxb5 axb5 14. Rxa8 Qxa8
15. Nd4 O-O 16. Bd2 Nc6 17. Nxc6 Qxc6 18. Rc1 Qd7 19. b4 f6 20. Re1 Re8 21. f4
fxe5 22. fxe5 c5 23. bxc5 Bxc5+ 24. Be3 d4 25. Bf2 Rf8 26. Qd2 b4 27. Qd3 Qf7
28. Qg3 b3 29. Rc1 Ba7 30. Nd2 d3 31. Rf1 Bxf2+ 32. Qxf2 Qxf2+ 33. Rxf2 Rc8 34.
Rf3 Rc2 35. Rxd3 Rxb2 36. Rd6 Kf7 37. Kf2 Rc2 38. Ke3 b2 39. Rb6 Ba2 40. Kd3
Rxd2+ 41. Kxd2 b1=Q 42. Rxb1 Bxb1 43. Ke3 Ke6 44. Kf4 Bc2 45. h4 Bb1 46. h5 Bc2
47. h6 g6 0-1

[Event "XXI Olimpiadi Finale B"]
[Site "Nizza FRA"]
[Date "1974.06.22"]
[Round "8.1"]
[White "Mariotti, Sergio"]
[Black "Boey, Josef Martin"]
[Result "1-0"]
[WhiteElo "2465"]
[BlackElo "2435"]
[Annotator "ITA-BEL"]
[PlyCount "79"]
[EventDate "1974.06.16"]

1. e4 e5 2. Nc3 Nc6 3. f4 Bc5 4. Nf3 d6 5. Na4 exf4 6. Bb5 Bd7 7. d4 Nxd4 8.
Nxd4 Bxb5 9. Nxb5 Qh4+ 10. Ke2 O-O-O 11. Nxc5 Qh5+ 12. Ke1 Qxc5 13. Qd3 c6 14.
Nc3 g5 15. h4 f6 16. Bd2 Ne7 17. hxg5 Qxg5 18. Qf3 Ng6 19. Rh5 Qg3+ 20. Qxg3
fxg3 21. Ke2 Rde8 22. Kf1 Ne5 23. Bf4 Reg8 24. Ke2 Rg4 25. Rf1 b5 26. Bxe5 fxe5
27. b4 a5 28. a3 axb4 29. axb4 c5 30. Nxb5 Rxe4+ 31. Kd3 Rxb4 32. Nxd6+ Kb8 33.
Kc3 Rd8 34. Rxh7 Rb6 35. Nc4 Rb4 36. Nxe5 Rc8 37. Nd7+ Ka8 38. Ra1+ Kb7 39.
Nxc5+ Kb6 40. Kxb4 1-0

[Event "XXI Olimpiadi Finale B"]
[Site "Nizza FRA"]
[Date "1974.06.22"]
[Round "8.2"]
[White "Van Seters, Frits"]
[Black "Tatai, Stefano"]
[Result "1/2-1/2"]
[WhiteElo "2325"]
[BlackElo "2430"]
[Annotator "ITA-BEL"]
[PlyCount "34"]
[EventDate "1974.06.16"]

1. d4 Nf6 2. c4 c5 3. Nf3 e6 4. g3 d5 5. cxd5 Nxd5 6. dxc5 Nc6 7. Bg2 Bxc5 8.
O-O O-O 9. a3 a5 10. Bd2 h6 11. Nc3 Qe7 12. Qc2 Rd8 13. Rac1 Ba7 14. Nb5 Bb6
15. e4 Nc7 16. Nxc7 Bxc7 17. Be3 a4 1/2-1/2

[Event "XXI Olimpiadi Finale B"]
[Site "Nizza FRA"]
[Date "1974.06.22"]
[Round "8.3"]
[White "Toth, Bela"]
[Black "Beyen, Roland"]
[Result "1-0"]
[WhiteElo "2385"]
[BlackElo "2265"]
[Annotator "ITA-BEL"]
[PlyCount "47"]
[EventDate "1974.06.16"]

1. d4 Nf6 2. c4 e6 3. Nc3 d5 4. cxd5 exd5 5. Bg5 Be7 6. e3 c6 7. Qc2 Bg4 8. Bd3
Nbd7 9. h3 Bh5 10. f4 h6 11. Bxf6 Bxf6 12. g4 Bg6 13. Bxg6 fxg6 14. Qxg6+ Kf8
15. Nf3 Qe8 16. Qd3 Qe6 17. O-O-O Re8 18. Ne5 Nxe5 19. fxe5 Bh4 20. Ne2 g5 21.
Rhf1+ Ke7 22. Rf6 Qc8 23. Qg6 Kd8 24. Qg7 1-0